Forge

Separated from his friend Isabel after their daring escape from slavery, fifteen-year-old Curzon serves as a free man in the Continental Army at Valley Forge until he and Isabel are thrown together again, as slaves once more.

Na minha lista:
Detalhes bibliográficos
Autor principal: Anderson, Laurie Halse
Formato: Livro
Idioma:Undetermined
Publicado em: New York Atheneum Books for Young Readers 2010
Assuntos:
Tags: Adicionar Tag
Sem tags, seja o primeiro a adicionar uma tag!
Thư viện lưu trữ: Trung tâm Học liệu Trường Đại học Cần Thơ
LEADER 00807nam a2200205Ia 4500
001 CTU_226059
008 210402s9999 xx 000 0 und d
082 |a 813.6 
082 |b A545 
100 |a Anderson, Laurie Halse 
245 0 |a Forge 
245 0 |c Laurie Halse Anderson 
260 |a New York 
260 |b Atheneum Books for Young Readers 
260 |c 2010 
520 |a Separated from his friend Isabel after their daring escape from slavery, fifteen-year-old Curzon serves as a free man in the Continental Army at Valley Forge until he and Isabel are thrown together again, as slaves once more. 
650 |a Pennsylvania,Pennsylvania 
650 |x History,Lịch sử 
650 |y Revolution, 1775-1783,Cách mạng, 1775-1783 
980 |a Trung tâm Học liệu Trường Đại học Cần Thơ